Normal view
MARC view
Entry Topical Term
001 - CONTROL NUMBER
- control field: 23100
003 - CONTROL NUMBER IDENTIFIER
- control field: dpl
005 - DATE AND TIME OF LATEST TRANSACTION
- control field: 20101007111103.0
008 - FIXED-LENGTH DATA ELEMENTS
- fixed length control field: 101007|||a|||||| | ||| d
040 ## - CATALOGING SOURCE
- Original cataloging agency: dpl
- Transcribing agency: dpl
150 ## - HEADING--TOPICAL TERM
- Topical term or geographic name as entry element: Oriya poetry
- General subdivision: Translations into Hindi
670 ## - SOURCE DATA FOUND
- Source citation: Work cat.: (dpl)28931: बीसवीं सदी की ओडि़या कविता-यात्रा /, 2009
670 ## - SOURCE DATA FOUND
- Source citation: Work cat.: (dpl)28931: बीसवीं सदी की ओडि़या कविता-यात्रा /, 2009
